| 000 | 01716nam a2200385 c 4500 | ||
|---|---|---|---|
| 003 | BLK | ||
| 005 | 20210217172420.0 | ||
| 008 | 180409b bul|||||r ||||||| ||bul|| | ||
| 010 | _aKNG00119861000 | ||
| 040 | _aBLK | ||
| 041 |
_aBUL _cBUL |
||
| 080 |
_aИкономическо положение. Икономическа политика. Управление. Планиране. Производство. Услуги. Цени _b338 _x(100-662) _z338(100-662) |
||
| 100 | 1 |
_aГьомьори, Ендре _eпърви автор _9313489 |
|
| 700 | 1 |
_aПанчева, Дора _eпрев. от унг. _9313490 |
|
| 700 | 1 |
_aПанчев, Людмил _eпрев. от унг. _9313491 |
|
| 139 |
_aГьомьори, Ендре _bГ 97 |
||
| 245 | 1 | 0 |
_aСвръхбогатите _bИстория на големите имущества : Очерци _cЕндре Гьомьори; прев. от унг. Дора Панчева; прев. от унг. Людмил Панчев. |
| 250 | _a2. изд. | ||
| 257 | _aHUN | ||
| 260 |
_аСофия _bХристо Ботев _c1990 _fВ. Търново : Д. Найденов |
||
| 300 |
_a291 с. _c20 см |
||
| 380 | _a3 | ||
| 500 | _aОриг. загл. Szupergrzdagok / Gomori Endre. - 1. изд. 1983. | ||
| 650 | 4 |
_aКапиталистически страни - стопанство _9313492 |
|
| 650 | 4 |
_aМонополи, международни _9162698 |
|
| 653 | _aкапитализъм | ||
| 653 | _aикономика | ||
| 653 | _aбогати | ||
| 653 | _aмонопол | ||
| 852 | _aЦб 164235 | ||
| 856 | 4 |
_qpdf _u |
|
| 856 | 4 |
_qpdf _u |
|
| 942 |
_cKNG _n0 _02 |
||
| 944 |
_aCR _c15.10.2010 _lф / 14.10.2010 _kЛюдмила_Стоянова |
||
| 944 |
_aED _c17.01.2014 _lф / 14.10.2010 _k |
||
| 999 |
_c114430 _d114430 |
||